Cycle de Linen - Statistiques

Statistiques générales
  • Ce quiz a été pris 6 fois
  • Le résultat moyen est 2 sur 18
Statistiques - réponses
réponse attendue Réponse % Correct
étape 1 déshydrogénation de l'acylcoA
100%
enzyme1 Acyl coA déshydrogénase
50%
produit 1 alpha-beta déhydro-acyl CoA
50%
produit 4 acétyl Coa
0%
produit 4.5 Acyl CoA n-2
0%
produit 3 beta cétoacylCoA
0%
enzyme 4 beta cétothiolase
0%
produit 2 beta hydroxyacylCoA
0%
enzyme 3 beta hydroxyacylCoA déshydrogénase
0%
étape 5 pour AG impair carboxylation du propionyl coA
0%
enzyme 2 crotonase
0%
étape 3 déshydrogénation du beta hydroxyacylCoA
0%
étape 2 hydratation du dehydro-acylcoA
0%
étape 4 hydrolyse du beta-cétoacylCoA
0%
produit 5 méthyl malonyl CoA
0%
enzyme 6 méthyl malonyl CoA mutase
0%
enzyme 5 propionyl coA carboxylase
0%
produit 6 succinyl CoA
0%
Aucun quiz correspondant
Distribution des résultats
% des personnes avec chaque résultat
Percentile par nombre de réponses
Votre historique - résultats
Vous n’avez pas pris ce quiz